<The> Relationship between Taxation and Bilateral Investment Agreements - Case of the Slovak Republic

Jedným z kľúčových charakteristických znakov nedávneho globalizovaného sveta sú cezhraničné investície. Z tohto dôvodu zahraniční investori a ich investície do hostiteľských krajín potrebujú primeranú ochranu. Je nutné odstrániť dvojité medzinárodné zdanenie. Interakcia medzi bilaterálnymi zmluvami...

ver descrição completa

Na minha lista:
Detalhes bibliográficos
Autor principal: Kubicová, Jana, 1961-
Outros Autores: Záhumenská, Miroslava
Formato: Capítulo de Livro
Idioma:inglês
Assuntos:
Tags: Adicionar Tag
Sem tags, seja o primeiro a adicionar uma tag!

MARC

LEADER 00000naa a2200000 4500
001 0234104
005 20240502083623.7
041 0 |a eng 
044 |a IN 
245 1 0 |a <The> Relationship between Taxation and Bilateral Investment Agreements - Case of the Slovak Republic  |c Jana Kubicová, Miroslava Záhumenská 
520 |a Jedným z kľúčových charakteristických znakov nedávneho globalizovaného sveta sú cezhraničné investície. Z tohto dôvodu zahraniční investori a ich investície do hostiteľských krajín potrebujú primeranú ochranu. Je nutné odstrániť dvojité medzinárodné zdanenie. Interakcia medzi bilaterálnymi zmluvami o investíciách a dvojstrannými daňovými zmluvami, hľadanie možného prekrývania sa medzi nimi a či a ako to je obmedzené. 
610 2 0 |a investície 
610 2 0 |a zdanenie dvojité 
610 2 0 |a dohody medzinárodné 
610 2 0 |a ochrana investícií 
610 2 0 |a vzťahy bilaterálne 
610 2 0 |a Slovensko 
100 1 |a Kubicová, Jana, 1961- 
700 1 |a Záhumenská, Miroslava